LEADER 03657oas 2201501 a 450 001 9910134149003321 005 20251105213014.0 011 $a1475-6064 035 $a(DE-599)ZDB1474602-5 035 $a(DE-599)1474602-5 035 $a(OCoLC)49896882 035 $a(CONSER) 2005237200 035 $a(CKB)954921333017 035 $a(EXLCZ)99954921333017 100 $a20020531a19699999 sy a 101 0 $aeng 135 $aurmnu|||||||| 181 $ctxt$2rdacontent 182 $cc$2rdamedia 183 $acr$2rdacarrier 200 10$aAdvances in applied probability 210 $aSheffield, England $cApplied Probability Trust$d1969- 300 $aRefereed/Peer-reviewed 300 $aTitle from title screen (JSTOR, viewed Aug. 10, 2005). 311 08$a0001-8678 606 $aProbabilities$vPeriodicals 606 $aStatistics 606 $aMathematics 606 $aProbabilities 606 $aStatistics as Topic 606 $aStatistics as Topic$vPeriodicals 606 $aMathematics 606 $aProbability 606 $aStatistics 606 $aMathematics$vPeriodicals 606 $aProbability$vPeriodicals 606 $aStatistics$vPeriodicals 606 $aProbabilite?s$vPe?riodiques 606 $aStatistiques 606 $aMathe?matiques 606 $aProbabilite?s 606 $aprobability$2aat 606 $aStatistics$2fast$3(OCoLC)fst01132103 606 $aMathematics$2fast$3(OCoLC)fst01012163 606 $aProbabilities$2fast$3(OCoLC)fst01077737 606 $aWaarschijnlijkheidstheorie$2gtt 606 $aToepassingen$2gtt 608 $aPeriodical. 608 $aperiodicals.$2aat 608 $aPeriodicals.$2fast 608 $aPeriodicals.$2lcgft 608 $aPe?riodiques.$2rvmgf 615 0$aProbabilities 615 0$aStatistics. 615 0$aMathematics. 615 0$aProbabilities. 615 2$aStatistics as Topic. 615 2$aStatistics as Topic 615 2$aMathematics. 615 2$aProbability. 615 2$aStatistics. 615 2$aMathematics 615 2$aProbability 615 2$aStatistics 615 6$aProbabilite?s 615 6$aStatistiques. 615 6$aMathe?matiques. 615 6$aProbabilite?s. 615 7$aprobability. 615 7$aStatistics. 615 7$aMathematics. 615 7$aProbabilities. 615 17$aWaarschijnlijkheidstheorie. 615 17$aToepassingen. 712 02$aApplied Probability Trust 801 0$bTXH 801 1$bTXH 801 2$bOCLCQ 801 2$bEYM 801 2$bHUL 801 2$bMUQ 801 2$bLGG 801 2$bOCLCQ 801 2$bOCLCO 801 2$bOCLCQ 801 2$bOCLCF 801 2$bOCLCO 801 2$bOCLCE 801 2$bOCLCQ 801 2$bOCLCO 801 2$bOCLCQ 801 2$bDEBBG 801 2$bVT2 801 2$bOCLCO 801 2$bOCLCA 801 2$bOCLCQ 801 2$bDGU 801 2$bUEJ 801 2$bOCLCQ 801 2$bNLE 801 2$bBUF 801 2$bU3W 801 2$bAU@ 801 2$bOCLCO 801 2$bUKMGB 801 2$bOCLCA 801 2$bOCL 801 2$bSFB 801 2$bOCLCQ 801 2$bCNMTR 801 2$bDLC 801 2$bOCLCO 801 2$bUKSSU 801 2$bS2H 801 2$bOCLCO 801 2$bOCLCQ 801 2$bOCL 801 2$bUAB 801 2$bNTG 801 2$bORU 801 2$bBWN 801 2$bIOY 801 2$bOCLCL 801 2$bOCLCQ 906 $aJOURNAL 912 $a9910134149003321 996 $aAdvances in applied probability$9802508 997 $aUNINA